Aplikácia metód systematického prístupu k návrhu programov prípravy pracovníkov vo vybranom podniku : Diplomová práca

Enregistré dans:
Détails bibliographiques
Auteur principal: Chrenštová, Zuzana (Auteur)
Autres auteurs: Skubáková, Katarína (xxx)
Format: Manuscrit Livre
Langue:slovaque
Publié: Trnava : STU v Bratislave MtF KMK, 1999
Sujets:
Tags: Ajouter un tag
Pas de tags, Soyez le premier à ajouter un tag!

MARC

LEADER 00000ntm a22000003a 4500
001 stu53939
005 20160719155208.3
008 000608s1999----xo------------------slo-d
040 |a STU  |b slo 
041 0 |a slo 
044 |a xo 
100 1 |a Chrenštová, Zuzana  |4 aut 
245 1 |a Aplikácia metód systematického prístupu k návrhu programov prípravy pracovníkov vo vybranom podniku :  |b Diplomová práca 
260 |a Trnava :  |b STU v Bratislave MtF KMK,  |c 1999 
300 |a 86 s  |c výťah 
650 7 |a manažment priemyselných podnikov  |2 stusub 
650 7 |a manažment personálny  |2 stusub 
700 1 |a Skubáková, Katarína  |4 xxx  |u M190  |U MTF Materiálovotechnologická fakulta  |T MTF Katedra priemyselného inžinierstva a manažmentu  |U M190  |Y 167